[Event "Asuncion CIT op"]
[Site "Asuncion"]
[Date "2023.08.17"]
[Round "8"]
[White "Franco Franchi, Renato"]
[Black "Munoz Orozco, Shirley Grace"]
[Result "1-0"]
[WhiteElo "1513"]
[BlackElo "1369"]
[PlyCount "89"]
[EventDate "2023.08.12"]
[EventType "swiss"]
[EventRounds "9"]
[EventCountry "PAR"]
[SourceTitle "CBM 215 Extra"]
[Source "ChessBase"]
[SourceDate "2023.09.30"]
[SourceVersion "1"]
[SourceVersionDate "2023.09.30"]
[SourceQuality "1"]

1. e4 e6 2. c3 d5 3. exd5 exd5 4. d4 Nf6 5. Bd3 Bd6 6. Nf3 Bg4 7. 0-0 0-0 8. Bg5 Nbd7 9. Nbd2 c6 10. Qc2 Qc7 11. Rae1 h6 12. Bxf6 Nxf6 13. Ne5 Rfe8 14. h3 Be6 15. f4 c5 16. dxc5 Qxc5+ 17. Kh2 Rac8 18. Nb3 Qc7 19. Nd4 Bd7 20. Nxd7 Nxd7 21. g3 a6 22. Bf5 Bc5 23. Qa4 Red8 24. Nb3 Bb6 25. Re7 Qc4 26. Qxc4 dxc4 27. Nc1 Rc5 28. Bxd7 Rd5 29. Bg4 Rd2+ 30. Re2 Rxe2+ 31. Nxe2 Rd2 32. Rb1 Bc5 33. b4 Be7 34. a4 Bf6 35. Rc1 b6 36. Kg2 Ra2 37. Kf3 Rxa4 38. Rc2 a5 39. bxa5 bxa5 40. Ke4 Kf8 41. Bd7 Ra1 42. Bb5 a4 43. Bxc4 a3 44. Ra2 Rxa2 45. Bxa2 1-0

[Event "Coronel Oviedo Friedmann Cup"]
[Site "Coronel Oviedo"]
[Date "2023.07.15"]
[Round "2"]
[White "Centurion, Emilio"]
[Black "Franco Franchi, Renato"]
[Result "1-0"]
[WhiteElo "1888"]
[BlackElo "1504"]
[PlyCount "53"]
[EventDate "2023.07.14"]
[EventType "swiss"]
[EventRounds "7"]
[EventCountry "PAR"]
[SourceTitle "EXT 2024"]
[Source "ChessBase"]
[SourceDate "2023.10.10"]
[SourceVersion "1"]
[SourceVersionDate "2023.10.10"]
[SourceQuality "1"]

1. e4 c5 2. Nf3 d6 3. d4 cxd4 4. Nxd4 Nf6 5. Nc3 a6 6. Bc4 e5 7. Nde2 Be7 8. 0-0 Be6 9. Bb3 0-0 10. Bg5 Ng4 11. Bc1 Nd7 12. Ng3 Ngf6 13. Bg5 Nb6 14. Bxf6 Bxf6 15. Qd3 Qc7 16. Rfd1 Rad8 17. Bd5 Bxd5 18. Nxd5 Nxd5 19. Qxd5 g6 20. c4 Qc6 21. b3 Qxd5 22. Rxd5 Be7 23. Rad1 b6 24. Ne2 Rc8 25. a4 Rfd8 26. a5 Rc6 27. g3 1-0

[Event "Coronel Oviedo Friedmann Cup"]
[Site "Coronel Oviedo"]
[Date "2023.07.15"]
[Round "3"]
[White "Franco Franchi, Renato"]
[Black "Rivarola Rotela, Alejandro Moises"]
[Result "0-1"]
[WhiteElo "1504"]
[BlackElo "1115"]
[PlyCount "100"]
[EventDate "2023.07.14"]
[EventType "swiss"]
[EventRounds "7"]
[EventCountry "PAR"]
[SourceTitle "EXT 2024"]
[Source "ChessBase"]
[SourceDate "2023.10.10"]
[SourceVersion "1"]
[SourceVersionDate "2023.10.10"]
[SourceQuality "1"]

1. e4 e5 2. Nf3 Nc6 3. Bc4 h6 4. d3 Bc5 5. Nbd2 d6 6. c3 a6 7. b4 Ba7 8. Bb3 Nge7 9. 0-0 0-0 10. Re1 b5 11. Nf1 Bb7 12. Nh4 Kh8 13. Ng3 a5 14. Qh5 Ng6 15. Nxg6+ fxg6 16. Qxg6 Bxf2+ 17. Kh1 Bxe1 18. Bxh6 Qf6 19. Qxf6 Rxf6 20. Bxg7+ Kxg7 21. Nh5+ Kg6 22. Nxf6 Kxf6 23. Rxe1 axb4 24. Rf1+ Ke7 25. cxb4 Nxb4 26. Rf7+ Kd8 27. h4 Nxd3 28. h5 Nf4 29. h6 Ng6 30. Rg7 Nf8 31. h7 Nxh7 32. Rxh7 Bxe4 33. Rf7 c5 34. Kh2 c4 35. Bc2 Bxg2 36. Kxg2 Rxa2 37. Rf8+ Ke7 38. Rf2 b4 39. Bb1 Rxf2+ 40. Kxf2 d5 41. Ke2 Kd6 42. Kd2 Kc5 43. Bf5 b3 44. Kc3 d4+ 45. Kb2 Kb4 46. Be4 d3 47. Bf3 c3+ 48. Kc1 Ka3 49. Bd5 b2+ 50. Kb1 c2# 0-1

[Event "Posadas Misionera op"]
[Site "Posadas"]
[Date "2022.08.13"]
[Round "2"]
[White "Zaldivar, Patricio"]
[Black "Franco Franchi, Renato"]
[Result "1-0"]
[WhiteElo "1821"]
[BlackElo "1568"]
[PlyCount "53"]
[EventDate "2022.08.13"]
[EventType "swiss"]
[EventRounds "6"]
[EventCountry "ARG"]
[SourceTitle "EXT 2023"]
[Source "ChessBase"]
[SourceDate "2022.10.05"]
[SourceVersion "1"]
[SourceVersionDate "2022.10.05"]
[SourceQuality "1"]

1. e4 c5 2. Nf3 d6 3. d4 cxd4 4. Nxd4 Nf6 5. Nc3 a6 6. Be2 e5 7. Nb3 Be6 8. f4 Qc7 9. Be3 Nbd7 10. f5 Bc4 11. 0-0 h5 12. Nd2 Bxe2 13. Qxe2 Ng4 14. Nd5 Qd8 15. c4 Nxe3 16. Qxe3 Nf6 17. Rac1 Nxd5 18. exd5 Be7 19. Ne4 Rc8 20. Rfd1 Rh6 21. c5 f6 22. cxd6 Rxc1 23. Rxc1 Bxd6 24. Rc8 Qxc8 25. Nxd6+ Kd7 26. Nxc8 Kxc8 27. d6 1-0

[Event "Pan American-ch Hybrid U14 31st"]
[Site "Tornelo INT"]
[Date "2021.09.04"]
[Round "4"]
[White "Franco Franchi, Renato"]
[Black "Gillette, James"]
[Result "1-0"]
[WhiteElo "1183"]
[BlackElo "1039"]
[PlyCount "65"]
[EventDate "2021.09.04"]
[EventType "swiss"]
[EventRounds "9"]
[EventCountry "NET"]
[SourceTitle "EXT 2023"]
[Source "ChessBase"]
[SourceDate "2022.10.05"]
[SourceVersion "1"]
[SourceVersionDate "2022.10.05"]
[SourceQuality "1"]

1. e4 e5 2. f4 exf4 3. Nf3 Nc6 4. d4 d5 5. e5 Bg4 6. Bxf4 Bb4+ 7. c3 Ba5 8. h3 Bh5 9. g4 Bg6 10. Bd3 Be4 11. Bxe4 dxe4 12. Ng5 h6 13. Nxe4 g5 14. Bg3 Qe7 15. Qb3 0-0-0 16. Nbd2 Re8 17. 0-0 Rf8 18. Nc4 f6 19. Nxf6 Nxf6 20. Rxf6 Rxf6 21. exf6 Qe6 22. Nxa5 Qe3+ 23. Bf2 Nxa5 24. Bxe3 Nxb3 25. axb3 a6 26. f7 Rf8 27. Rf1 Kd7 28. d5 Ke7 29. Bc5+ Kd7 30. Bxf8 Kd8 31. Bxh6 Kd7 32. f8Q c5 33. Rf7# 1-0

[Event "Pan American-ch Hybrid U14 31st"]
[Site "Tornelo INT"]
[Date "2021.09.04"]
[Round "1"]
[White "Goncalves, Davi Augusto"]
[Black "Franco Franchi, Renato"]
[Result "1-0"]
[WhiteElo "1642"]
[BlackElo "1183"]
[PlyCount "121"]
[EventDate "2021.09.04"]
[EventType "swiss"]
[EventRounds "9"]
[EventCountry "NET"]
[SourceTitle "EXT 2023"]
[Source "ChessBase"]
[SourceDate "2022.10.05"]
[SourceVersion "1"]
[SourceVersionDate "2022.10.05"]
[SourceQuality "1"]

1. d4 Nf6 2. c4 d6 3. Nc3 Nbd7 4. e4 e5 5. d5 Be7 6. Bd3 0-0 7. Nge2 c6 8. 0-0 Nb6 9. h3 Nfd7 10. a4 a5 11. Be3 cxd5 12. cxd5 Bg5 13. Qd2 Bxe3 14. Qxe3 Nc5 15. Bb5 f5 16. exf5 Bxf5 17. Ng3 Bd7 18. Qe2 Nb3 19. Ra3 Nd4 20. Qd3 Bxb5 21. Nxb5 Nxb5 22. Qxb5 Ra6 23. Ne2 Qd7 24. Nc3 Qxb5 25. Nxb5 Nc4 26. Ra2 Rf4 27. b3 Nb6 28. Nxd6 Nxd5 29. Nc4 e4 30. Rd2 Nb4 31. Rd8+ Rf8 32. Rxf8+ Kxf8 33. Re1 Nd3 34. Rxe4 Nc5 35. Re3 b6 36. Kf1 Ra7 37. Nxb6 Rb7 38. Rc3 Ne4 39. Rf3+ Kg8 40. Nc4 Rc7 41. Re3 Rxc4 42. bxc4 Nd2+ 43. Ke2 Nxc4 44. Kd3 Nb2+ 45. Kc2 Nxa4 46. Ra3 Nc5 47. Rxa5 Ne4 48. Rf5 g6 49. Rf4 Nd6 50. Kd3 Kg7 51. Kd4 Nb7 52. Ke5 Nc5 53. Kd6 Nd3 54. Rf3 Ne1 55. Rg3 Nc2 56. Re3 Nd4 57. g4 Nb5+ 58. Kd7 Nd4 59. Re7+ Kh6 60. f4 g5 61. f5 1-0

[Event "Asuncion Fernando Memorial"]
[Site "Asuncion"]
[Date "2021.08.28"]
[Round "3"]
[White "Franco Franchi, Renato"]
[Black "Mereles, Junior"]
[Result "0-1"]
[WhiteElo "1183"]
[BlackElo "1765"]
[PlyCount "138"]
[EventDate "2021.08.27"]
[EventType "swiss"]
[EventRounds "7"]
[EventCountry "PAR"]
[SourceTitle "EXT 2022"]
[Source "ChessBase"]
[SourceDate "2021.10.06"]
[SourceVersion "1"]
[SourceVersionDate "2021.10.06"]
[SourceQuality "1"]

1. e4 c5 2. Nf3 d6 3. d3 Nc6 4. g3 Nf6 5. Bg2 g6 6. 0-0 Bg7 7. c3 0-0 8. Bf4 Nd7 9. Nbd2 b5 10. Rb1 Rb8 11. Re1 e5 12. Be3 b4 13. c4 a5 14. b3 Nb6 15. Nf1 Ra8 16. Qd2 Re8 17. Bh6 Bh8 18. Nh4 Nd4 19. Nf3 Bg4 20. Nxd4 cxd4 21. h3 Be6 22. f4 Ra7 23. g4 f6 24. f5 Bd7 25. Ng3 Bg7 26. h4 Qe7 27. Kf2 Bxh6 28. Qxh6 Qg7 29. Qxg7+ Kxg7 30. Rh1 Bc6 31. fxg6 hxg6 32. h5 Bd7 33. hxg6 Kxg6 34. Nf5 Bxf5 35. gxf5+ Kg7 36. Bf3 Rg8 37. Rbg1+ Kf8 38. Rxg8+ Kxg8 39. Rh6 Rf7 40. Bh5 Rf8 41. Bg6 Rd8 42. Bh5 Rf8 43. Bg6 Rd8 44. Rh7 Rd7 45. Rh6 Rg7 46. Bh5 Nd7 47. Rg6 Nc5 48. Ke2 Rxg6 49. Bxg6 a4 50. bxa4 Nxa4 51. Kd2 Nc3 52. Kc2 Nxa2 53. Bh5 Kg7 54. Kb3 Nc3 55. Kxb4 Kh6 56. Bf3 Kg5 57. c5 dxc5+ 58. Kxc5 Kf4 59. Bh5 Ke3 60. Kc4 Ne2 61. Be8 Nc1 62. Ba4 Nxd3 63. Bc2 Nf2 64. Kd5 d3 65. Ba4 Nxe4 66. Bb3 Kf4 67. Ke6 Nc5+ 68. Kxf6 Nxb3 69. Ke6 Nd4+ 0-1

[Event "PAR-ch qual1"]
[Site "Encarnacion"]
[Date "2019.03.01"]
[Round "1"]
[White "Krauss, Victor Fernando"]
[Black "Franco Franchi, Renato"]
[Result "1-0"]
[WhiteElo "1625"]
[BlackElo "1039"]
[PlyCount "65"]
[EventDate "2019.03.01"]
[EventType "swiss"]
[EventRounds "7"]
[EventCountry "PAR"]
[SourceTitle "CBM 192 Extra"]
[Source "Chessbase"]
[SourceDate "2019.11.06"]
[SourceVersion "1"]
[SourceVersionDate "2019.11.06"]
[SourceQuality "1"]

1. e4 c5 2. c3 e5 3. Nf3 d6 4. Bc4 a6 5. 0-0 b5 6. Bd5 Ra7 7. d4 cxd4 8. cxd4 Nd7 9. dxe5 dxe5 10. Be3 Rc7 11. Qb3 Ngf6 12. Bb6 Nxd5 13. exd5 Nf6 14. Nxe5 Qd6 15. Bxc7 Qxc7 16. Re1 Be7 17. Nxf7 Kxf7 18. d6+ Qc4 19. Qxc4+ bxc4 20. Rxe7+ Kg6 21. Nc3 Rf8 22. h3 Bd7 23. Rae1 Rb8 24. Ne4 Nxe4 25. R1xe4 Bb5 26. g4 Kh6 27. h4 Rf8 28. R4e6+ g6 29. Kg2 Bc6+ 30. Kg1 Rf3 31. Rc7 Bb5 32. Ree7 g5 33. h5 1-0

[Event "PAR-ch U12"]
[Site "Asuncion"]
[Date "2019.02.06"]
[Round "5.1"]
[White "Franco Franchi, Renato"]
[Black "Garcia, Alejandro1"]
[Result "0-1"]
[WhiteElo "1095"]
[BlackElo "1284"]
[PlyCount "56"]
[EventDate "2019.02.04"]
[EventType "tourn"]
[EventRounds "9"]
[EventCountry "PAR"]
[SourceTitle "EXT 2023"]
[Source "ChessBase"]
[SourceDate "2022.10.05"]
[SourceVersion "1"]
[SourceVersionDate "2022.10.05"]
[SourceQuality "1"]

1. d4 Nf6 2. Bf4 d6 3. Nf3 g6 4. c4 Bg7 5. Nc3 0-0 6. e4 Nbd7 7. h3 Re8 8. Be2 e5 9. dxe5 dxe5 10. Bxe5 Nxe5 11. Nxe5 Qxd1+ 12. Rxd1 Rxe5 13. f4 Re8 14. e5 Nh5 15. 0-0 Ng3 16. Rf2 Nxe2+ 17. Rxe2 Be6 18. b3 Rad8 19. Rde1 c6 20. Ne4 Re7 21. Nc3 Bh6 22. Rf2 Red7 23. g4 Rd2 24. g5 Bf8 25. Ne4 Rxf2 26. Nxf2 Bc5 27. h4 Rd2 28. Rf1 Bh3 0-1

[Event "PAR-ch U12"]
[Site "Asuncion"]
[Date "2019.02.05"]
[Round "2.2"]
[White "Frutos Moreno, Carlos Manuel"]
[Black "Franco Franchi, Renato"]
[Result "1-0"]
[WhiteElo "1445"]
[BlackElo "1095"]
[PlyCount "65"]
[EventDate "2019.02.04"]
[EventType "tourn"]
[EventRounds "9"]
[EventCountry "PAR"]
[SourceTitle "EXT 2023"]
[Source "ChessBase"]
[SourceDate "2022.10.05"]
[SourceVersion "1"]
[SourceVersionDate "2022.10.05"]
[SourceQuality "1"]

1. c4 Nf6 2. Nc3 g6 3. g3 Bg7 4. Bg2 0-0 5. e4 e5 6. Nge2 d6 7. 0-0 Be6 8. d3 Qd7 9. f4 Bh3 10. f5 Bxg2 11. Kxg2 Nc6 12. Rf3 Rab8 13. Qf1 b5 14. Nd5 Nxd5 15. cxd5 Nd4 16. Nxd4 exd4 17. f6 Bh8 18. Bh6 Rfd8 19. Rf4 c5 20. Rh4 Rbc8 21. b3 c4 22. bxc4 bxc4 23. dxc4 Qa4 24. Qf4 Qc2+ 25. Kh3 Rxc4 26. Bg7 Bxg7 27. fxg7 Kxg7 28. Qh6+ Kg8 29. Rf1 Rd7 30. Qxh7+ Kf8 31. Qh8+ Ke7 32. Qf6+ Ke8 33. Rh8# 1-0

[Event "Asuncion Clasificatorio op 4th"]
[Site "Asuncion"]
[Date "2018.06.08"]
[Round "1"]
[White "Franco Franchi, Renato"]
[Black "Diaz, Ramon"]
[Result "0-1"]
[WhiteElo "1110"]
[BlackElo "1902"]
[PlyCount "78"]
[EventDate "2018.06.08"]
[EventType "swiss"]
[EventRounds "7"]
[EventCountry "PAR"]
[SourceTitle "CBM 184 Extra"]
[Source "ChessBase"]
[SourceDate "2018.06.28"]
[SourceVersion "1"]
[SourceVersionDate "2018.06.28"]
[SourceQuality "1"]

1. d4 d5 2. Bf4 e6 3. Nf3 Bd6 4. Ne5 f6 5. Nd3 Bxf4 6. Nxf4 Ne7 7. e3 0-0 8. Bd3 Qe8 9. Qg4 e5 10. Ne6 Qf7 11. Qh4 Qxe6 12. Bxh7+ Kf7 13. Qh5+ g6 14. Bxg6+ Nxg6 15. Qh7+ Ke8 16. Qxg6+ Kd8 17. dxe5 fxe5 18. Qxe6 Bxe6 19. h4 Nd7 20. Nc3 c6 21. e4 d4 22. Ne2 Nf6 23. f4 Nxe4 24. fxe5 c5 25. Rd1 Ke7 26. c3 dxc3 27. Nxc3 Nf2 28. Rh2 Nxd1 29. Kxd1 Rad8+ 30. Kc2 Rf2+ 31. Kc1 c4 32. Rh1 Rdd2 33. h5 Rc2+ 34. Kd1 Rxg2 35. h6 Bg4+ 36. Ne2 Rgxe2 37. Rf1 Rg2+ 38. Rf3 Bxf3+ 39. Ke1 Rc1# 0-1